Antígona
Salvato in:
| Autore principale: | |
|---|---|
| Natura: | Libro |
| Lingua: | spagnolo |
| Pubblicazione: |
Santiago
Universitaria
1973
|
| Edizione: | 3a. ed |
| Serie: | Los Clásicos
|
| Soggetti: | |
| Tags: |
Aggiungi Tag
Nessun Tag, puoi essere il primo ad aggiungerne!!
|
MARC
| LEADER | 00000nam a2200000 a 4500 | ||
|---|---|---|---|
| 001 | UCR3351 | ||
| 003 | CL-VaPUC | ||
| 008 | 980124e19730000CL |||||||||||||||||spa|d | ||
| 082 | 0 | 4 | |a 882 |b SOF |2 21 |
| 100 | |a Sófocles |e autor |9 269407 | ||
| 245 | 1 | 0 | |a Antígona |
| 250 | |a 3a. ed | ||
| 300 | |a 87 p | ||
| 942 | |c BK | ||
| 945 | |d 19980124 00:00:00 |a aolguin | ||
| 260 | |a Santiago |b Universitaria |c 1973 | ||
| 650 | 0 | |a Tragedia griega |9 265362 | |
| 650 | 7 | |a LITERATURA GRIEGA |2 CL-VaPUC |9 258054 | |
| 583 | |a last modification |c 19980124 00:00:00 |k Rodrigo Vera | ||
| 490 | 0 | |a Los Clásicos | |
| 999 | |c 266434 |d 266432 | ||
| 952 | |0 0 |1 0 |4 0 |6 882_000000000000000_SOF_1973 |7 0 |8 A |9 298023 |a BIBEDU |b BIBEDU |d 2019-11-20 |i 1939335 |o 882 SOF 1973 |p 1939335 |r 2019-11-20 |w 2019-11-20 |y BK |k LIT | ||
| 952 | |0 0 |1 0 |4 0 |6 882_000000000000000_SOF_1973 |7 0 |8 A |9 298024 |a BIBHIS |b BIBHIS |d 2019-11-20 |i 1364200 |o 882 SOF 1973 |p 1364200 |r 2025-01-20 |w 2019-11-20 |y BK |k HIS | ||